Vereine der NOFV - Oberliga Nord - Statistiken

Allgemein
  • Dieses Quiz wurde 65 mal gespielt
    16 seit der letzten Aktualisierung
  • Das Durchschnittsergebnis liegt bei 12 aus 16
Antwortstatistiken
Verein % Korrekt
Rostocker FC 1895
93%
FC Anker Wismar
87%
FC Hansa Rostock II
87%
SV Lichtenberg 47
87%
SV Sparta Lichtenberg
87%
Berliner AK 07
80%
SC Staaken 1919
80%
SV Tasmania Berlin
80%
FSV Optik Rathenow
73%
BFC Preussen
67%
Dynamo Schwerin
67%
Tennis Borussia Berlin
67%
Eintracht Mahlsdorf
53%
Grün-Weiß Ahrensfelde
53%
TuS Makkabi Berlin
53%
TSG Neustrelitz
47%
Keine übereinstimmenden Quizze gefunden
Verteilung der Resultate
Anzahl Personen mit jedem Resultat
Perzentil nach korrekt beantworteten Fragen
Ihre Resultats-Entwicklung
Sie haben dieses Quiz seit der letzten Aktualisierung nicht gespielt